| 000 | 00463nam a2200193Ia 4500 | ||
|---|---|---|---|
| 005 | 20250603145619.0 | ||
| 008 | 250603s9999 xx 000 0 und d | ||
| 020 | _a9788120352476 | ||
| 050 | _aBF 121 .M57/ | ||
| 100 | _aMishra, Braj Kumar | ||
| 245 | 0 | _aPsychology: the study of human behaviour | |
| 250 | _a2nd ed. | ||
| 260 | _aDelhi | ||
| 260 | _bPHI Learning Private Limited | ||
| 260 | _c2016 | ||
| 300 | _a617 p | ||
| 650 | _aDelhi | ||
| 942 | _cBK | ||
| 999 |
_c42351 _d42351 |
||